Lelkiismeret
Elmentve itt :
| Szerző: | |
|---|---|
| Dokumentumtípus: | Cikk |
| Megjelent: |
1894
|
| Sorozat: | Kolligátum
|
| Kulcsszavak: | Magyar irodalom története - 18-19. sz., Magyar irodalom - antológia |
| Online Access: | http://misc.bibl.u-szeged.hu/24653 |
| LEADER | 00567nab a2200169 i 4500 | ||
|---|---|---|---|
| 001 | misc24653 | ||
| 005 | 20191111110633.0 | ||
| 008 | 170914s1894 hu o 0|| zxx d | ||
| 040 | |a SZTE Miscellanea Repozitórium |b hun | ||
| 041 | |a zxx | ||
| 100 | 1 | |a Bessenyei György | |
| 245 | 1 | 0 | |a Lelkiismeret |h [elektronikus dokumentum] / |c Bessenyei György |
| 260 | |c 1894 | ||
| 300 | |a 12-18 | ||
| 490 | 0 | |a Kolligátum | |
| 695 | |a Magyar irodalom története - 18-19. sz., Magyar irodalom - antológia | ||
| 856 | 4 | 0 | |u http://misc.bibl.u-szeged.hu/24653/1/011_024_012-018.pdf |z Dokumentum-elérés |